000 01067nam a22002535i 4500
001 2028
005 20231031104345.0
020 _a9781449477882
020 _a9789814655330
040 _aDLC
_beng
_erda
_cDLC
_dFISKH
050 _aPZ7 OCN894617167 S823
082 _aFic
100 1 _aLow, A.J.
245 1 0 _aSherlock Sam and the stolen script balestier /
_cA.J. Low.
260 _aSingapore :
_bEpigram Books,
_c2014
300 _a167 pages :
_c22 cm
490 _3The Fiendish Mastermind Triology
_aBook 2
505 _aK
520 _aAfter getting in trouble with his parents over the mayhem in MacRitchie, Sherlock Sam was forced to disband the Supper Club. However, his arch-nemesis continues to taunt him.This time, the top-secret final script of Singapore's most popular television series is stolen! Can Sherlock Sam, Watson and their friends resolve the dastardly plot twists in their way? Stay tuned to find out!
521 _a620
_bLexile
521 _aK
_bRaz-Plus
906 _a0
_bibc
_corignew
_d2
_eepcn
_f20
_gy-gencatlg
942 _2ddc
_cBK
_n0
999 _c2028
_d2028